GTA III/LCS - Map Quiz - Statistics

General Stats
  • This quiz has been taken 139 times
  • The average score is 12 of 25
Answers on the Map
Answers color-coded by a green-red scale on the quiz's map according to % correct below.
 
Answer Stats
Answer % Correct
Chinatown
77%
Saint Mark's
72%
Red Light District
67%
Francis International Airport
63%
Callahan Bridge
57%
Cedar Grove
49%
Cochrane Dam
46%
Fort Staunton
46%
Hepburn Heights
46%
Harwood
45%
Newport
45%
Trenton
44%
Belleville Park
43%
Portland Harbor
43%
Aspatria
41%
Torrington
41%
Wichita Gardens
41%
Atlantic Quays
39%
Bedford Point
37%
Callahan Point
37%
Portland Beach
37%
Portland View
37%
Rockford
37%
Pike Creek
35%
Liberty Campus
34%
No matching quizzes found
Score Distribution
Percent of People with Each Score
Percentile by Number Answered
Your Score History
You have not taken this quiz